| 000 | 00836nam a22002297a 4500 | ||
|---|---|---|---|
| 005 | 20240530110350.0 | ||
| 008 | 141222s2006 sy oe g 000 0 ara d | ||
| 040 | _aEG-CaGPL | ||
| 041 | 0 | _aara | |
| 082 | 0 | 4 |
_221 _a296.37\ _bح أ |
| 100 | 0 | _aحسام حمد بدرى | |
| 245 | 1 | 0 |
_aاسرار النجمة المقدسة / _cحسام حمد بدرى ، طارق مصطفى الجندى |
| 250 | _aط1 | ||
| 260 |
_aدمشق : _bالاوائل للنشر والتوزيع ، _c2006 |
||
| 300 |
_a248 ص : _bايض ؛ _c24 سم |
||
| 650 | 0 | 4 |
_aاليهودية _xمفاهيم علمانية |
| 650 | 0 | 4 |
_aاليهودية _xعادات وتقاليد |
| 650 | 0 | 4 | _aالنجمة المقدسة |
| 700 | 0 |
_aطارق مصطفى الجندى _eمؤلف مشارك |
|
| 942 |
_2ddc _cBK |
||
| 999 |
_c60058 _d60058 |
||